Porovnanie vybraných heuristických metód riešenia miltidimenzionálneho problému batohu

Článok sa zaoberá porovnaním efektívnosti vybraných heuristických algoritmov na riešenie multidimenzionálneho problému batohu. Vysvetľuje fungovanie špecifického genetického algoritmu a jeho porovnanie s autorovým algoritmom. Po prezentovaní výsledkov nasleduje krátka úvaha o dodatočnom zlepšení výs...

Descripción completa

Guardado en:
Detalles Bibliográficos
Autor principal: Pittner, Ján
Formato: Capítulo de libro
Lenguaje:eslovaco
Materias:
Etiquetas: Agregar Etiqueta
Sin Etiquetas, Sea el primero en etiquetar este registro!

MARC

LEADER 00000nla$a2200000$$$4500
001 0145554
005 20240502072625.2
041 0 |a slo 
044 |a SK 
245 1 0 |a Porovnanie vybraných heuristických metód riešenia miltidimenzionálneho problému batohu  |c Ján Pittner 
520 |a Článok sa zaoberá porovnaním efektívnosti vybraných heuristických algoritmov na riešenie multidimenzionálneho problému batohu. Vysvetľuje fungovanie špecifického genetického algoritmu a jeho porovnanie s autorovým algoritmom. Po prezentovaní výsledkov nasleduje krátka úvaha o dodatočnom zlepšení výsledkov. 
610 2 0 |a informatika aplikovaná 
610 2 0 |a algoritmy 
610 2 0 |a programovanie 
610 2 0 |a kombinatorika 
100 1 |a Pittner, Ján